| 000 | 00000nam##2200000za#4500 |
| 001 | 9.613830 |
| 003 | CaOODSP |
| 005 | 20210929082757 |
| 007 | ta |
| 008 | 150406|1997||||xxc||||| f|0| 0 eng|d |
| 020 | |a0-662-25798-7 |
| 022 | |a1209-6571 |
| 040 | |aCaOODSP|beng |
| 043 | |an-cn--- |
| 086 | 1 |aFo29-47/2-1997E |
| 110 | 1 |aCanada. |bNatural Resources Canada. |bCanadian Forest Service. |
| 245 | 12|aA field estimation procedure for downed coarse woody debris|cby S. W. Taylor. |
| 260 | |aOttawa - Ontario : |bNatural Resources Canada. |c1997. |
| 300 | |a6p. : |btables ; |c28 cm. |
| 490 | 1 |aTechnology transfer note|x1209-6571|v2 |
| 504 | |aBibliography. |
| 563 | |aPamphlet |
| 590 | |a97-41|b1997-10-10 |
| 690 | 07|aForestry technology|2gcpds |
| 720 | 1 |aTaylor, S. W. |
| 776 | 0#|tA field estimation procedure for downed coarse woody debris|w(CaOODSP)9.572356 |
| 830 | #0|aTechnology transfer note,|x1209-6571|v2|w(CaOODSP)9.514646 |